| 000 | 00518nam a2200169Ia 4500 | ||
|---|---|---|---|
| 005 | 20260302160848.0 | ||
| 008 | 260302s9999 xx 000 0 und d | ||
| 020 | _a9780714634555 | ||
| 082 |
_a338.926 _bHUQ |
||
| 100 | _aHuq, M. M. | ||
| 245 | 0 |
_aScience, Technology, and Development / _cHuq, M. M. |
|
| 260 |
_bRoutledge, _c1991 |
||
| 300 | _a219 pages | ||
| 520 | _aFirst Published in 1992. Routledge is an imprint of Taylor & Francis, an informa company. | ||
| 650 | _aBusiness & Economics | ||
| 942 | _cENGLISH | ||
| 999 |
_c616641 _d616641 |
||